| 000 | 00551nam a22001937a 4500 | ||
|---|---|---|---|
| 005 | 20260408142432.0 | ||
| 010 | _aENG-148183 | ||
| 020 | _c250.00 | ||
| 035 | _aEN-131715 | ||
| 037 | _bDBAD | ||
| 082 |
_a181.499 _21 |
||
| 100 | _aDas, Manoj | ||
| 245 |
_aSri Aurobindo on Education/ _cManoj Das |
||
| 250 | _a1 | ||
| 260 |
_aNew Delhi _bNational Council for Teacher Education |
||
| 270 |
_aHans Bhawan, Wing-II, 1, Bahadur Shah Zafar Marg _bNew Delhi _e110002 |
||
| 300 |
_a133p. _c22cm(pb) |
||
| 942 |
_2ddc _cEN _h181.499 _mSRI |
||
| 999 |
_c215826 _d215826 |
||